Zdraviu prospešné zložky pohánky bakalárska práca CD

Gespeichert in:
Bibliographische Detailangaben
1. Verfasser: Ragačová, Terézia
Format: Software Buch
Sprache:Slowakisch
Veröffentlicht: Bratislava STU FCHPT 2013
Online-Zugang:Im OPAC anzeigen
Tags: Tag hinzufügen
Keine Tags, Fügen Sie das erste Tag hinzu!

MARC

LEADER 00000nam a2200000 a 4500
005 20260127134229.0
007 co ugu
008 131015 2013 000 0 slo d
035 |a vtls010550830 
039 9 |y 201310151136  |z mschk03 
040 |a STUSCHK1  |b slo  |c STUSCHK1  |e AACR2 
100 1 |a Ragačová, Terézia 
245 1 |a Zdraviu prospešné zložky pohánky  |b bakalárska práca CD  |c Terézia Ragačová 
260 |a Bratislava  |b STU FCHPT  |c 2013 
300 |a 1 optický disk 
500 |a Obhájené: 09.07.2013 
500 |a Štud. program: Výživa-kozmetika-ochrana zdravia 
500 |a Štud. odbor: Potravinárstvo 
500 |a Škol. pracovisko: Odd. potravinárskej technológie 
500 |a Evid. číslo: FCHPT-13046-43650 
910 |a SCHK95 
999 |c 7301  |d 7301